| 000 | 00758nam a2200217 a 4500 | ||
|---|---|---|---|
| 001 | 000008006 | ||
| 005 | 20200929154405.0 | ||
| 008 | 090914s1985 enka r 000 0 spa d | ||
| 040 |
_aDO-SdBNP _bspa _cBNPHU |
||
| 082 |
_a633.39 _bP876c |
||
| 100 | 1 |
_aPound, B. _921884 |
|
| 245 | 1 | 0 |
_aLeucaena : _bsu cultivo y utilización / _cB. Pound, L. Martínez Cairo. |
| 260 |
_aSanto Domingo : _bOverseas development Administration, _c1985. |
||
| 300 |
_a288 p. : _bil. ; _c23 cm. |
||
| 504 | _aBibliografía : p. 243-289 | ||
| 500 | _aIncluye referencias bibliográficas y notas al pie de las páginas. | ||
| 590 | _aInventariado, 2019/BT | ||
| 650 | 4 |
_aArboles maderables _921885 |
|
| 650 | 4 |
_aAlimentos para animales _921338 |
|
| 700 | 1 |
_aMartínez Cairo, L. _921886 |
|
| 999 |
_c7783 _d7783 |
||